000
00254nam a2200097Ia 4500
001
1250580
005
20251031150858.0
008
251031s9999 xx 000 0 und d
245
0
_c
HİKMET ANIL ÖZTEKİN
_a
B-4 EYVALLAH SEYYAH
260
_b
DESTEK YAYINLARI
999
_c
1250580
_d
1250580